| 000 | 00000nam##2200000za#4500 |
| 001 | 9.665474 |
| 003 | CaOODSP |
| 005 | 20230503123606 |
| 007 | ta |
| 008 | 150407|2004||||xxc||||| f|0| 0 fre|d |
| 020 | |a0-662-68159-2 |
| 040 | |aCaOODSP|bfre |
| 041 | |aeng |
| 041 | |afre |
| 043 | |an-cn--- |
| 086 | 1 |aT48-40/2004 |
| 110 | 2 |aCentre de deĢveloppement des transports (Canada) |
| 245 | 10|aImpact des véhicules lourds sur la sécurité aux passages à niveau : |bdéveloppement d'un outil de conception adapté - sommaire de projet |
| 260 | |aMontréal - Québec : |bTransports Canada. |c2004. |
| 300 | |aTexte français, 4p. : |bill. en couleur ; |c28 cm. |
| 563 | |aCouverture souple |
| 590 | |a04-34|b2004-08-20 |
| 691 | 07|aSécurité routière|2gcpds |
| 776 | 0#|tImpact des véhicules lourds sur la sécurité aux passages à niveau : |w(CaOODSP)9.631416 |
| 776 | 0#|tImpact of heavy vehicles on crossing safety : |w(CaOODSP)9.686952 |
| 791 | |tImpact of heavy vehicles on crossing safety : |eeng|w(CaOODSP)9.665473 |